Le sport au XXIè siècle - Statistiques

Statistiques générales
  • Ce quiz a été pris 64 fois
  • Le résultat moyen est 3 sur 8
Statistiques - réponses
Question Réponse % Correct
Club de football ayant remporté le plus de Ligue des Champions au XXIè (7) Real Madrid
95%
Nation qui a gagné 4 Coupes du Monde de handball depuis 2000 France
92%
Club de football allemand crée en 2009 Leipzig
62%
Seul vaniqueur brésilien de Rolland Garros au XXIè Kuerten
30%
Manga très populaire sur le volley-ball haikyu
25%
Premier champion du monde de pétanque du XXIè siècle Belgique
5%
Un sport de course, de marche, et de ballon, ludique, pour tous publics, et qui se pratique dans les parcs et les forêts de France, inventé en 2021 à Issy Trailball
3%
Vainqueur du Giro 2020 pour une poignée de secondes devant Jay Hindley Tao Geoghegan Hart
2%
Aucun quiz correspondant
Distribution des résultats
% des personnes avec chaque résultat
Percentile par nombre de réponses
Votre historique - résultats
Vous n’avez pas pris ce quiz